000
00327 a2200121 4500
000
nam a22 7a 4500
005
20260202122220.0
100
_a
Pagano, Marcello; Gauvreau, Kimberlee; Mattie, Heather
_9
1113090
245
_a
Principle of Biostatistics
250
_a
3
260
_b
Taylor & Francis
_c
2022
942
_c
TEXL
999
_c
1678467
_d
1678467